000 00464nam a2200157 i 4500
001 70910
003 ES-MaACL
005 20230906170949.0
007 t|
008 040804s1972 sp ||||1| spa d
100 1 _aGarrudo, Tomás.
_955788
245 1 0 _aCertificado de Estudios Primarios
_b: problemas y ejercicios /
_cTomás Garrudo.
260 _a[Sevilla :
_bEditorial Católica],
_c1972.
300 _a62 h. ;
_c28 cm.
852 _aES-MaACL
_jC-43398
_bR.81140
999 _c70910
_d70910